00617cam a2200217 a 45000010009000000050017000090080041000260100017000670200025000840200022001090350024001310350021001550400042001760410008002180800016002260820020002421000007002621010008002692450058002775040064003351523688620180306045851.0080328s2008 nyua b 001 0 eng  a 2008013878 a9780385519014 (hbk.) a038551901X (hbk.) a(OCoLC)ocn215176047 a(OCoLC)215176047 aDLCcDLCdBAKERdC#PdYDXCPdBWXdDLC aeng a338.927 SEN00a338.927 SEN222 a58 aBIZ04aThe necessary revolution :cPeter Senge ... [et al.]. aIncludes bibliographical references (p. 387-399) and index.